| 000 | 01037nam a2200301Ia 4500 | ||
|---|---|---|---|
| 001 | Para_5619 | ||
| 003 | CHAP | ||
| 008 | 220125s2000 xx 000 0 und d | ||
| 010 | _a204029 | ||
| 040 | _cCHAP | ||
| 090 | _aPA FOLLETO 3499 | ||
| 100 |
_aHernández Sánchez, José Luis _9170065 |
||
| 245 |
_aGuía de análisis de riesgos, identificación y control de puntos críticos / _c por José Luis Hernández Sánchez, Gabriela Valdés Herrera y Mariana Legorreta Rétiz |
||
| 260 |
_aMéxico, D.F. : _b La Dirección |
||
| 300 | _a51 p. | ||
| 650 |
_aInocuidad alimentaria _958836 |
||
| 700 |
_aLegorreta Rétiz Mariana _9170066 |
||
| 700 |
_aValdés Herrera Gabriela _9170067 |
||
| 710 |
_aMéxico. Secretaría de Salud _977229 |
||
| 710 |
_aMéxico.Dirección General de Calidad Sanitaria de Bienes y Servicios _9170068 |
||
| 901 | _aPA FOLLETO 3499 | ||
| 902 | _aA | ||
| 905 | _a0000002000 ai 0000000000 00 | ||
| 910 | _a2000 | ||
| 942 | _cPARA | ||
| 942 |
_cPARA _d1 |
||
| 999 |
_c204029 _d204029 |
||